000
00307nam a2200133Ia 4500
003
OSt
005
20231107073037.0
008
170524s9999 xx 000 0 und d
020
_a
9780070636811
040
_c
IIMT UNIVERSITY
100
_a
VAUGHAN- T.
245
0
_a
MULTIMEDIA MAKING IT WORK
942
_2
ddc
_c
02
999
_c
3696
_d
3696